GRAY'S ANATOMY : THE ANATOMICAL BASIC OF CLINICAL PRACTICE (Record no. 34983)

MARC details
000 -LEADER
fixed length control field 00465nam a22001817a 4500
003 - CONTROL NUMBER IDENTIFIER
control field SGT
020 ## - INTERNATIONAL STANDARD BOOK NUMBER
International Standard Book Number 9780443378140
082 ## - DEWEY DECIMAL CLASSIFICATION NUMBER
Classification number 611
Item number G26S
100 ## - MAIN ENTRY--PERSONAL NAME
Personal name STANDRING, SUSAN
245 ## - TITLE STATEMENT
Title GRAY'S ANATOMY : THE ANATOMICAL BASIC OF CLINICAL PRACTICE
250 ## - EDITION STATEMENT
Edition statement 43RD
260 ## - PUBLICATION, DISTRIBUTION, ETC. (IMPRINT)
Place of publication, distribution, etc INDIA
Name of publisher, distributor, etc ELSEVIER PUB
Year of Publication 2026
300 ## - PAGE DESCRIPTION
No. of Pages 1589
650 ## - SUBJECT ADDED ENTRY--TOPICAL TERM
Topical term or geographic name as entry element HUMAN ANATOMY
653 ## - KEYWORDS--INDEX TERM
Keyword term THE ANATOMICAL BASIC OF CLINICAL PRACTICE
942 ## - ADDED ENTRY ELEMENTS (KOHA)
Source of classification or shelving scheme Dewey Decimal Classification
Koha item type Books
Holdings
Withdrawn status Lost status Source of classification or shelving scheme Damaged status Not for loan Collection code Home library Current library Shelving location Date acquired Vendor Name Cost, normal purchase price SGTU Bill Number Total Checkouts Full call number Accession No. (Barcode) Date last seen Bill Date Koha item type
    Dewey Decimal Classification   Not For Loan MEDICAL SGT Medical Library SGT Medical Library Reference Book 01/06/2026 ABC DELHI 6850.00 SGTU 23076   611 G26S FM16331 29/06/2026 01/06/2026 Books
    Dewey Decimal Classification   Not For Loan MEDICAL SGT Medical Library SGT Medical Library Reference Book 01/06/2026 ABC DELHI 6850.00 SGTU 23076   611 G26S FM16332 29/06/2026 01/06/2026 Books